| 000 | 00657nam a2200193 4500 | ||
|---|---|---|---|
| 001 | 112590 | ||
| 003 | ES-MaACL | ||
| 005 | 20251115063250.0 | ||
| 007 | t| | ||
| 008 | 061121s1977 sp r ||||1| spa d | ||
| 100 | 1 |
_aMuñoz de San Pedro, Miguel, _cConde de Canilleros _984394 |
|
| 245 | 1 | 0 |
_aAyer y hoy de Extremadura / _cConde de Conilleros y Francisco Croche de Acuña ; fotografías Olivenza. |
| 260 |
_aLeón : _bEverest, _c1977. |
||
| 300 |
_a126 p. 27 lám. 2 plan. : _bil ; _c26 cm. |
||
| 700 | 1 |
_aCroche de Acuña, Francisco. _941661 |
|
| 700 | 1 |
_aOlivenza. _986801 |
|
| 852 |
_aES-MaACL _jA-7548 _bR.96610 |
||
| 999 |
_c112590 _d112590 |
||